Statistics for North American Cities with Major Sports Teams

Click here to take the quiz!

General Stats

  • This quiz has been taken 174 times
  • The average score is 49 of 79

Answer Stats

Team(s)City% Correct
76ers, Eagles, Flyers, PhilliesPhiladelphia
94%
Avalanche, Broncos, Nuggets, RockiesDenver
92%
Bears, Blackhawks, Bulls, Cubs, Fire, White SoxChicago
91%
Clippers, Dodgers, FC, Kings, LakersLos Angeles
91%
Astros, Dyanmo, Rockets, TexansHouston
90%
AthleticsOakland
90%
Giants, WarriorsSan Francisco
90%
Buccaneers, LightningTampa
90%
Argonauts, Blue Jays, FC, Maple Leafs, RaptorsToronto
90%
Angels, DucksAnaheim
87%
Falcons, Hawks, UnitedAtlanta
87%
Mavericks, StarsDallas
87%
Heat, MarlinsMiami
87%
Diamondbacks, SunsPhoenix
87%
Blues, CardinalsSt. Louis
87%
Capitals, Nationals, United, WizardsWashington
87%
Bruins, Celtics, Red SoxBoston
85%
Bengals, Reds, FCCincinnati
85%
Browns, Cavaliers, GuardiansCleveland
85%
Alouettes, Canadiens, CFMontreal
85%
FC, Knicks, Mets, Nets, Rangers, YankeesNew York City
85%
SportingKansas City
84%
Chiefs, RoyalsKansas City
84%
Colts, PacersIndianapolis
83%
FC, Hornets, PanthersCharlotte
82%
Kraken, Mariners, Seahawks, SoundersSeattle
81%
Canucks, Lions, WhitecapsVancouver
81%
RealSandy
80%
SabresBuffalo
78%
Lions, Pistons, Red Wings, TigersDetroit
78%
GrizzliesMemphis
78%
Brewers, BucksMilwaukee
78%
PackersGreen Bay
77%
JaguarsJacksonville
76%
Elks, OilersEdmonton
75%
ThunderOklahoma City
75%
Predators, SC, TitansNashville
74%
Pelicans, SaintsNew Orleans
74%
Orioles, RavensBaltimore
73%
Flames, StampedersCalgary
73%
Magic, SCOrlando
73%
PadresSan Diego
73%
Earthquakes, SharksSan Jose
73%
Blue Jackets, CrewColumbus
71%
Redblacks, SenatorsOttawa
70%
SpursSan Antonio
69%
Blue Bombers, JetsWinnipeg
69%
KingsSacramento
67%
Penguins, Pirates, SteelersPittsburgh
64%
Timbers, Trail BlazersPortland
64%
JazzSalt Lake City
64%
DevilsNewark
60%
HurricanesRaleigh
59%
Cowboys, RangersArlington
58%
CardinalsGlendale
57%
CoyotesTempe
55%
Timberwolves, Twins, VikingsMinneapolis
50%
49ersSanta Clara
50%
Chargers, RamsInglewood
47%
United, WildSt. Paul
47%
BillsOrchard Park
41%
FCAustin
38%
Giants, JetsEast Rutherford
37%
DolphinsMiami Gardens
32%
GalaxyCarson
29%
RoughridersRegina
27%
Patriots, RevolutionFoxborough
24%
CommandersLandover
21%
Tiger-CatsHamilton
19%
RaysSt. Petersburg
18%
BravesCumberland
16%
Golden Knights, RaidersParadise
12%
PanthersSunrise
12%
FCFrisco
11%
InterFort Lauderdale
10%
UnionChester
8%
IslandersElmont
6%
RapidsCommerce City
5%
Red BullsHarrison
5%

Score Distribution

Percentile by Number Answered

Percent of People with Each Score

Your Score History

You have not taken this quiz